| 000 | 00500nam a2200193 a 4500 | ||
|---|---|---|---|
| 001 | 35260 | ||
| 005 | 20180714003551.0 | ||
| 008 | 140415s1961 ag 000 0 spa d | ||
| 041 | _aspa | ||
| 082 |
_a160 _bBOL |
||
| 100 | 1 | _aBOLL, MARCEL | |
| 245 | 1 | 4 | _aLAS ETAPAS DE LA LOGICA |
| 250 | _a1a ed. | ||
| 260 |
_aARGENTINA : _bCOMPAÑIA GENERAL FABRIL EDITORA, _c1961 |
||
| 300 | _a147 | ||
| 650 | 1 | 4 | _aLOGICA |
| 700 | 1 |
_aSITO, NILDA _etr. |
|
| 700 | 1 |
_aREINHART, JACQUES _ecoaut. |
|
| 999 |
_c35260 _d35260 |
||